Systematic delineation of Phymatotrichum root rot occurrence in cotton using remotely-sensed data /

Bibliographic Details
Main Author: Smith, Brandon Dewitt
Format: Thesis eBook
Language:English
Published: [College Station, Tex.] : Smith, 1979.
Subjects:
Online Access:Link to OAKTrust copy

MARC

Tag First Indicator Second Indicator Subfields
LEADER 00000cam a2200000 i 4500
001 in00000058756
005 20220103114753.0
007 cr unu a
008 791207s1979 txua b 00010 eng d
035 |9 AAG1255AM 
035 |a (OCoLC)05774097 
040 |a TXA  |c TXA  |d UtOrBLW 
043 |a n-us-tx 
049 |a TXAZ  |c 1 [1241872], 2 [1241873] 
099 |a 1979  |a Thesis  |a S643 
100 1 |a Smith, Brandon Dewitt. 
245 1 0 |a Systematic delineation of Phymatotrichum root rot occurrence in cotton using remotely-sensed data /  |c by Brandon Dewitt Smith. 
264 1 |a [College Station, Tex.] :  |b Smith,  |c 1979. 
300 |a xi, 55 leaves :  |b illustrations (some color) ;  |c 29 cm. 
336 |a text  |b txt  |2 rdacontent 
337 |a computer  |b c  |2 rdamedia 
338 |a online resource  |b cr  |2 rdacarrier 
500 |a "Major subject: Plant Pathology." 
500 |a Vita. 
502 |b M.S.  |c Texas A&M University. 
504 |a Bibliography: leaves 48-54. 
530 |a Also available online. 
650 0 |a Agriculture  |z Texas  |x Remote sensing. 
650 0 |a Cotton root rot. 
650 4 |a Major plant pathology. 
856 4 1 |u https://hdl.handle.net/1969.1/ETD-TAMU-1979-THESIS-S643  |z Link to OAKTrust copy  |t 0 
999 |a MARS 
999 f f |s 56dba802-7140-3d48-ba69-e1f6c2ce0a88  |i aac21f93-67f6-3d7c-a148-ce857138114b  |t 0 
952 f f |p noncirc  |a Texas A&M University  |b J.J. Pickle Campus  |c High Density Repository  |s HDR  |d Remote Storage  |t 0  |e 1979 Thesis S643  |h Other scheme  |i computer -- online resource  |m A14840995959 
952 f f |a Texas A&M University  |b College Station  |c Electronic Resources  |s www_evans  |d Available Online  |t 0  |e 1979 Thesis S643  |h Other scheme 
998 f f |a 1979 Thesis S643  |t 0  |l Available Online 
998 f f |a 1979 Thesis S643  |t 0  |l Remote Storage